Finanční systémy - netradiční přístup k jejich rozlišování

Členenie modelov finančných systémov, založených na miere vplyvu trhu a bánk vo finančnom systéme. Rozdelenie finančných systémov: M-systém - systém založený na trhu, B-systém - systém založený na bankách, UB-systém - univerzálne bankovníctvo. Porovnanie systémov.

Salvato in:
Dettagli Bibliografici
Autore principale: Sůvová, Helena
Natura: Capitolo di libro
Lingua:ceco
Soggetti:
Tags: Aggiungi Tag
Nessun Tag, puoi essere il primo ad aggiungerne!!

MARC

LEADER 00000naa a2200000 4500
001 r028032
005 20230908085841.7
041 0 |a cze 
044 |a CZ 
245 1 0 |a Finanční systémy - netradiční přístup k jejich rozlišování  |c Helena Sůvová 
520 |a Členenie modelov finančných systémov, založených na miere vplyvu trhu a bánk vo finančnom systéme. Rozdelenie finančných systémov: M-systém - systém založený na trhu, B-systém - systém založený na bankách, UB-systém - univerzálne bankovníctvo. Porovnanie systémov. 
610 2 0 |a trh finančný 
610 2 0 |a modely 
610 2 0 |a banky 
610 2 0 |a riziko 
610 2 0 |a internacionalizácia 
610 2 0 |a trh 
610 2 0 |a bankovníctvo 
100 1 |a Sůvová, Helena